000
00332 a2200145 4500
001
169670
020
_a
040
_c
Magnum
100
_a
Andrade, Euclides Marques
240
1
0
_a
Este menino cabe na cidade ?
_l
por
245
1
0
_a
Este menino cabe na cidade ?
362
0
_a
1899
697
_a
IJ/AVENTURA, CRIANCAS
942
_c
BK
999
_c
169670
_d
169670